Princesas, bruxas e uma sardinha na brasa (Record no. 62917)

MARC details
000 -LÍDER
campo de controle de tamanho fixo 00381 a2200157 4500
001 - NÚMERO DE CONTROLE
campo de controle 62917
020 ## - ISBN - INTERNATIONAL STANDARD BOOK NUMBER
ISBN - International Standard Book Number 9788578481827
040 ## - FONTE DA CATALOGAÇÃO
Instituição que transcreveu o registro Anchieta - Pituba
100 ## - ENTRADA PRINCIPAL--NOME PESSOAL
Nome pessoal Souza, Geni
240 10 - TÍTULO UNIFORME
Título uniforme Princesas, bruxas e uma sardinha na brasa
Idioma da obra por
245 10 - TÍTULO
Título Princesas, bruxas e uma sardinha na brasa
300 ## - DESCRIÇÃO FÍSICA
Extensão 132
362 0# - DATAS DE PUBLICAÇÃO E/OU DESIGNAÇÃO SEQUENCIAL
Datas de publicação e/ou designação sequencial 2017
650 #4 - ASSUNTO--TERMO TÓPICO
Cabeçalho tópico ou nome geográfico Literatura juvenil
942 ## - ELEMENTOS DE ENTRADA ADICIONADOS (KOHA)
Tipo de material Koha Livros
Holdings
Situação do descarte Situação das perdas Situação física Não pode ser emprestado Biblioteca de origem Biblioteca atual Data de aquisição Total de empréstimos Número de chamada completo Código de barras Data de último acesso Data do preço efetivo Tipo de material Koha
        Colégio Anchieta - Pituba Colégio Anchieta - Pituba 21/11/2023   LJ 028.5 G633p GOM PRI 16189/PIT 21/11/2023 21/11/2023 Livros
        Leonardo Da Vinci - Granja Viana Leonardo Da Vinci - Granja Viana 27/03/2024   IJ G633p G01985 27/03/2024 27/03/2024 Livros